Athletic meet: (Record no. 3528)

000 -LEADER
fixed length control field 00457nam a22001811a 4500
082 ## - DEWEY DECIMAL CLASSIFICATION NUMBER
Classification number M 796.42
Item number GEO/A
100 ## - MAIN ENTRY--AUTHOR NAME
Personal name George Emmanuel
245 ## - TITLE STATEMENT
Title Athletic meet:
Sub Title marking, niyamangal, nirdhesangal/
Statement of responsibility, etc by George Emmanuel
260 ## - PUBLICATION, DISTRIBUTION, ETC. (IMPRINT)
Name of publisher George Emmanuel:
Year of publication 1997.
Place of publication Ernakulam,
300 ## - PHYSICAL DESCRIPTION
Number of Pages 666p.
500 ## - GENERAL NOTE
General note George Emmanuel
650 ## - SUBJECT ADDED ENTRY--TOPICAL TERM
Topical Term Games
650 ## - SUBJECT ADDED ENTRY--TOPICAL TERM
Topical Term Sports
650 ## - SUBJECT ADDED ENTRY--TOPICAL TERM
Topical Term Athletics
650 ## - SUBJECT ADDED ENTRY--TOPICAL TERM
Topical Term Physical Education
650 ## - SUBJECT ADDED ENTRY--TOPICAL TERM
Topical Term Arts
942 ## - ADDED ENTRY ELEMENTS (KOHA)
Koha item type Book
Holdings
Withdrawn status Lost status Damaged status Not for loan Permanent Location Current Location Date acquired Cost, normal purchase price Full call number Accession Number Cost, replacement price Price effective from Koha item type
        Sree Sankaracharya University of Sanskrit Sree Sankaracharya University of Sanskrit 08.01.2015 225.00 M 796.42 GEO/A 025417 0.00 08.01.2015 Book
        Sree Sankaracharya University of Sanskrit Sree Sankaracharya University of Sanskrit 08.01.2015 225.00 M 796.42 GEO/A 039568 0.00 08.01.2015 Book